|
|
|
|
| LEADER |
01550nam a2200277 a 4500 |
| 001 |
12573357 |
| 008 |
091108s2001 bg ab b 001 0 eng d |
| 999 |
|
|
|c 5221
|d 5221
|
| 010 |
|
|
|a \\2001416392
|
| 020 |
|
|
|a 9840516086
|
| 040 |
|
|
|a DLC
|c DLC
|d DLC
|
| 082 |
0 |
0 |
|a 338.9507
|2 21
|
| 245 |
0 |
0 |
|a Ganges-Brahmaputra-Meghna region :
|b a framework for sustainable development /
|c edited by Q.K. Ahmad ... [et al.].
|
| 246 |
3 |
0 |
|a Framework for sustainable development
|
| 260 |
|
|
|a Dhaka :
|b University Press Ltd.,
|c 2001.
|
| 300 |
|
|
|a xix, 208 p. :
|b ill., maps ;
|c 22 cm.
|
| 504 |
|
|
|a Includes bibliographical references and index.
|
| 505 |
0 |
|
|a A framework for sustainable developement of the GBM region -- GBM regional water vision: Bangladesh perspective / Q.K. Ahmad ... [et al.] -- Making water work to translate poverty into prosperity: the Ganga-Brahmaputra-Barak region / R. Rangachari and B.G. Verghese -- Nepal's water vision and the GBM basin framework / Shanker Krishna Malla ... [et al.].
|
| 520 |
|
|
|a Contributed articles.
|
| 541 |
1 |
|
|e 00012516
|
| 650 |
|
0 |
|a Sustainable development
|z Asia.
|9 31377
|
| 700 |
1 |
|
|a Ahmad, Qazi Kholiquzzaman,
|d 1943-
|9 31378
|
| 852 |
4 |
|
|a Ayesha Abed Library
|j General shelf
|
| 942 |
|
|
|2 ddc
|c BK
|
| 952 |
|
|
|0 0
|1 0
|2 ddc
|4 0
|6 338_950700000000000_GAN
|7 0
|9 5066
|a BRACUL
|b BRACUL
|c GEN
|d 2009-11-08
|g 350.00
|l 0
|o 338.9507 GAN
|p 3010012516
|r 2009-11-08
|t 1
|v 700.00
|w 2009-11-08
|y BK
|
| 952 |
|
|
|0 0
|1 0
|2 ddc
|4 0
|6 338_950700000000000_GAN_2001
|7 0
|9 9503
|a BRACUL
|b BRACUL
|c GEN
|d 2010-04-28
|l 0
|o 338.9507 GAN
|p 3010015370
|r 2010-04-28
|t 2
|w 2010-04-28
|y BK
|